The careless kitten. (Record no. 113298)
[ view plain ]
| 000 -LEADER | |
|---|---|
| fixed length control field | 00279nam a2200121 a 4500 |
| 005 - DATE AND TIME OF LATEST TRANSACTION | |
| control field | 20140414132012.0 |
| 008 - FIXED-LENGTH DATA ELEMENTS--GENERAL INFORMATION | |
| fixed length control field | 110314s19uu xx 00 eng d |
| 050 ## - LIBRARY OF CONGRESS CALL NUMBER | |
| Classification number | TR |
| Item number | C18 2000 |
| 100 ## - MAIN ENTRY--PERSONAL NAME | |
| Personal name | Blyton, Enid |
| 245 ## - TITLE STATEMENT | |
| Title | The careless kitten. |
| 650 ## - SUBJECT ADDED ENTRY--TOPICAL TERM | |
| Topical term or geographic name as entry element | Kitten |
| Withdrawn status | Lost status | Damaged status | Home library | Current library | Shelving location | Date acquired | Total Checkouts | Full call number | Barcode | Date last seen | Price effective from | Koha item type |
|---|---|---|---|---|---|---|---|---|---|---|---|---|
| Munich Library | Munich Library | Teachers Reference Section | 03/14/2011 | TR C18 2000 | M4844 | 04/14/2014 | 04/14/2014 | Books |